[Event "3rd Mersin Open 2018"]
[Site "Mersin"]
[Date "2018.09.10"]
[Round "2.9"]
[White "Cetin, Hakan"]
[Black "Gasimov, Parviz"]
[Result "0-1"]
[WhiteElo "1741"]
[BlackElo "2341"]
[Annotator "TA"]
[PlyCount "56"]
[EventDate "2018.09.09"]
[EventType "swiss"]
[EventCountry "TUR"]
[SourceTitle "playchess.com"]
[Source "ChessBase"]
[SourceQuality "1"]

{[%evp 14,56,22,22,69,40,77,80,85,64,93,33,108,37,98,58,57,26,43,38,168,142,138,72,72,0,97,102,100,0,0,0,0,-400,-165,-126,-55,-5816,-5182,-2579,-2071,-29990,-29991,-29994,-29989]} 1. d4 Nf6 2. c4 c5 3. d5 b5 4. cxb5 a6 5. e3 e6 6. dxe6 fxe6 7. Nc3 {A57: Benko/Volga Gambit} d5 8. Nf3 {LiveBook: 6 Games} Nbd7 (8... c4 9. bxa6 Nxa6 10. Be2 Bb4 11. Bd2 O-O 12. O-O Nc5 13. Qc2 Bd7 14. b3 cxb3 15. axb3 {1-0 (62) Karpov,A (2623)-Edouard,R (2659) Cap d'Agde 2014}) 9. bxa6 $146 {White is slightly better.} ({Predecessor:} 9. b3 Bd6 10. bxa6 Bxa6 11. Bxa6 Rxa6 12. O-O O-O 13. Qe2 Qa8 14. e4 {1-0 (37) Sabuk,P (2173)-Klecker,T (2187) Liberec 2012}) 9... Bxa6 10. Bxa6 Rxa6 11. O-O Bd6 {[#]} 12. Ng5 (12. e4 $1 $16 {[%mdl 512]}) 12... Qe7 (12... Be5 $14) 13. Qe2 (13. e4 $1 $16) 13... Ra8 (13... c4 $14) 14. b3 O-O 15. Rd1 Be5 16. Bb2 d4 (16... Bxc3 $14 17. Bxc3 h6 18. Bxf6 Nxf6) 17. exd4 $18 cxd4 18. Na4 (18. Nb5 $142) 18... Nd5 $16 {[#]} 19. Nf3 ({Much worse is} 19. Qh5 $6 g6 $11) ({White should play} 19. Nh3 $1 $16) 19... Nf4 (19... Rxa4 $1 $11 20. Nxe5 (20. bxa4 d3 $11) 20... Nf4) 20. Qe4 Ra5 21. Bxd4 ({And not} 21. Nxd4 Qh4 $15) (21. g3 $16 Nh3+ 22. Kg2) 21... Bxd4 $11 22. Rxd4 {Black must now prevent Rad1.} Raf5 23. Ne1 $2 {[%mdl 8192]} (23. Re1 $11 {and White has nothing to worry.}) 23... Qg5 (23... Qf6 $142 24. Nc2 Ne5) 24. Qe3 $19 {[#]} Re5 $40 {[%mdl 128] Black has some attack.} (24... Ne5 $1 $17 {[%cal Re5g4]} 25. Rxf4 Qxf4 26. Qxf4 Rxf4) 25. Re4 $2 {[%mdl 8192]} (25. h4 $15 Qg4 26. Rxf4 Rxf4 27. Qg3) 25... Rxe4 26. h4 {[#]} Qg4 $1 {[%mdl 512]} 27. f3 Qg3 28. Qd2 Re2 {Precision: White = 21%, Black = 33%.} 0-1

[Event "3rd Mersin Open 2018"]
[Site "Mersin"]
[Date "2018.09.10"]
[Round "2.10"]
[White "Zeynalli, Rashad"]
[Black "Bacak, Muhammed Kaan"]
[Result "1-0"]
[WhiteElo "2318"]
[BlackElo "2126"]
[Annotator "TA"]
[PlyCount "85"]
[EventDate "2018.09.09"]
[EventType "swiss"]
[EventCountry "TUR"]
[SourceTitle "playchess.com"]
[Source "ChessBase"]
[SourceQuality "1"]

{[%evp 22,85,19,9,79,66,50,56,60,22,20,20,27,24,34,29,33,24,28,13,23,23,39,46,45,48,50,31,70,66,64,60,59,57,81,84,151,145,186,179,262,242,327,232,224,237,224,218,241,219,249,216,273,196,1815,1718,29948,5314,29983,29984,29990,29991,29996,29997,29997,29998]} 1. e4 {Szabo,Kr} c5 2. Nf3 e6 3. d4 cxd4 4. Nxd4 Nc6 5. Nc3 d6 {[%cal Bd7d6,Bd6d5][%mdl 32]} 6. Be3 Nf6 7. f3 Be7 8. Qd2 O-O 9. g4 d5 10. g5 Nxd4 11. Bxd4 {B80: Sizilianisch (Scheveninger System)} Nh5 12. Rg1 {LiveBook: 3 Partien} a6 $146 (12... dxe4 $11 {hält das Gleichgewicht.} 13. Nxe4 b6) ({Vorgänger:} 12... Qa5 13. O-O-O dxe4 14. fxe4 Rd8 15. e5 g6 16. Bc4 Bd7 17. Ne4 Qxd2+ 18. Rxd2 Bc6 {1-0 (68) Akopian,V (2681)-Van Wely,L (2678) Antalya 2013 CBM 158 [Szabo,Kr]}) 13. O-O-O $16 {Weiß steht besser.} b5 14. exd5 b4 15. Ne4 {Droht stark d6.} exd5 16. Nf6+ Nxf6 17. gxf6 Bxf6 18. Qxb4 Bf5 19. Bxf6 Qxf6 20. Qd4 {[#] Droht Dxf6 und aus.} Qh6+ 21. Kb1 Rac8 22. Bd3 $36 {[%mdl 2048] Weiss kämpft um Vorteil.} Bxd3 23. Rxd3 g6 24. Rd2 Rfd8 25. b3 Qh5 26. f4 {[%cal Bf3f4,Bf4f5][%mdl 32]} Qh4 27. Rg5 Qe1+ 28. Kb2 Qf1 ({Günstiger ist} 28... Qe4) 29. Re5 Qf3 30. f5 Rd6 (30... Qh3 {war nötig.} 31. fxg6 hxg6) 31. Rde2 $18 {[#] Weiss will mit Te8+ Matt setzen.} ({Weniger gut wäre} 31. Rxd5 Rxd5 32. Qxd5 Qc3+ 33. Kb1 Re8 $14) 31... Rdd8 32. fxg6 hxg6 33. h4 Qf6 34. h5 {zielt auf Te8+! ab.} Rc6 35. hxg6 fxg6 36. c3 Rcd6 37. Rd2 R8d7 $2 (37... Rf8 38. b4 (38. Rxd5 Qxd4 39. R2xd4 Rf2+ 40. Ka3 Re6 $16) 38... Rc8) 38. Rf2 Qd8 39. Qe3 {Weiss droht Te8+ und Matt.} Qh4 40. Re8+ {Weiß setzt Matt.} Kh7 41. Rff8 d4 42. Rh8+ Kg7 43. Qe5+ {Precision: Weiß = 82%, Schwarz = 35%.} ({Nicht} 43. Rxh4 dxe3 44. Rxe3 Rd2+ 45. Ka3 Rg2 $16) 1-0

[Event "3rd Mersin Open 2018"]
[Site "Mersin"]
[Date "2018.09.10"]
[Round "2.11"]
[White "Kaya, Onur"]
[Black "Ozkan, Yusuf Taha"]
[Result "1-0"]
[WhiteElo "1689"]
[BlackElo "1276"]
[Annotator "NA RC"]
[PlyCount "79"]
[EventDate "2018.09.09"]
[EventType "swiss"]
[EventCountry "TUR"]
[SourceTitle "playchess.com"]
[Source "ChessBase"]
[SourceQuality "1"]
[TimeControl "5400+30"]

1. e4 {[%emt 0:04:30]} e5 {[%emt 0:00:30]} 2. Nf3 {[%emt 0:00:30]} Nc6 {[%emt 0:00:00]} 3. Bb5 {[%emt 0:00:30]} d6 {[%emt 0:00:00]} 4. d4 {[%emt 0:04:30]} exd4 {[%emt 0:00:30]} 5. Nxd4 {[%emt 0:02:30]} Bd7 {[%emt 0:00:30]} 6. O-O {[%emt 0:08:30]} Nf6 {[%emt 0:00:30]} 7. Bxc6 {[%emt 0:00:30]} Bxc6 {[%emt 0:00:30]} 8. Nxc6 {[%emt 0:04:30]} bxc6 {[%emt 0:00:00]} 9. Nc3 {[%emt 0:00:30]} Be7 {[%emt 0:00:00]} 10. f4 {[%emt 0:08:30]} O-O {[%emt 0:06:30]} 11. Qf3 {[%emt 0:06:30]} Qd7 {[%emt 0:00:30]} 12. f5 {[%emt 0:06:30]} Rab8 {[%emt 0:13:30]} 13. g4 {[%emt 0:20:30]} h6 {[%emt 0:04:30]} 14. b3 {[%emt 0:21:17]} Nh7 {[%emt 0:00:30]} 15. Ne2 {[%emt 0:01:28]} Bf6 {[%emt 0:00:30]} 16. Rb1 {[%emt 0:00:43]} Ng5 {[%emt 0:00:00]} 17. Bxg5 {[%emt 0:03:15]} Bxg5 {[%emt 0:00:00]} 18. Rbd1 {[%emt 0:00:36]} Qe7 {[%emt 0:01:30]} 19. Nd4 {[%emt 0:01:05]} Rb6 {[%emt 0:00:30]} 20. Rfe1 {[%emt 0:01:40]} Bh4 {[%emt 0:00:30]} 21. Re2 {[%emt 0:01:25]} c5 {[%emt 0:00:00]} 22. f6 {[%emt 0:00:04]} Bxf6 {[%emt 0:01:00]} 23. Nf5 {[%emt 0:00:03]} Qe6 {[%emt 0:00:30]} 24. Rf1 {[%emt 0:00:21]} Bd4+ {[%emt 0:00:30]} 25. Kh1 {[%emt 0:01:08]} g5 {[%emt 0:02:30]} 26. h4 {[%emt 0:00:47]} Bg7 {[%emt 0:01:30]} 27. hxg5 {[%emt 0:00:53]} hxg5 {[%emt 0:00:00]} 28. Rh2 {[%emt 0:00:00]} Re8 {[%emt 0:00:00]} 29. Re1 {[%emt 0:00:15]} d5 {[%emt 0:02:30]} 30. Qh3 {[%emt 0:00:01]} Qg6 {[%emt 0:00:00]} 31. exd5 {[%emt 0:01:27]} Rxe1+ {[%emt 0:00:00]} 32. Kg2 {[%emt 0:00:01]} Re2+ {[%emt 0:00:00]} 33. Kf1 {[%emt 0:00:35]} Rxh2 {[%emt 0:00:00]} 34. Ne7+ {[%emt 0:00:00]} Kf8 {[%emt 0:00:30]} 35. Nxg6+ {[%emt 0:00:00]} fxg6 {[%emt 0:00:30]} 36. Qxh2 {[%emt 0:00:12]} Rf6+ {[%emt 0:00:00]} 37. Ke2 {[%emt 0:00:34]} Rf7 {[%emt 0:00:00]} 38. d6 {[%emt 0:01:28]} cxd6 {[%emt 0:00:00]} 39. Qxd6+ {[%emt 0:00:04]} Re7+ {[%emt 0:00:00]} 40. Kd3 {[%emt 0:00:59]} 1-0

[Event "3rd Mersin Open 2018"]
[Site "Mersin"]
[Date "2018.09.10"]
[Round "2.12"]
[White "Ekmekci, Selyil"]
[Black "Polat, Ahmet Eren"]
[Result "0-1"]
[WhiteElo "1594"]
[BlackElo "1669"]
[Annotator "NA RC"]
[PlyCount "85"]
[EventDate "2018.09.09"]
[EventType "swiss"]
[EventCountry "TUR"]
[SourceTitle "playchess.com"]
[Source "ChessBase"]
[SourceQuality "1"]
[TimeControl "5400+30"]

1. d4 {[%emt 0:00:30]} Nf6 {[%emt 0:00:30]} 2. Bf4 {[%emt 0:00:00]} g6 {[%emt 0:00:00]} 3. Nf3 {[%emt 0:00:00]} Bg7 {[%emt 0:00:00]} 4. e3 {[%emt 0:00:30]} d6 {[%emt 0:00:30]} 5. h3 {[%emt 0:02:30]} Nbd7 {[%emt 0:00:00]} 6. Nbd2 {[%emt 0:00:30]} b6 {[%emt 0:00:00]} 7. c4 {[%emt 0:09:30]} Bb7 {[%emt 0:00:30]} 8. Qc2 {[%emt 0:01:30]} e6 {[%emt 0:07:30]} 9. Rb1 {[%emt 0:03:30]} Qe7 {[%emt 0:01:30]} 10. b4 {[%emt 0:02:30]} e5 {[%emt 0:06:30]} 11. dxe5 {[%emt 0:01:30]} dxe5 {[%emt 0:00:30]} 12. Bg3 {[%emt 0:12:30]} e4 {[%emt 0:12:30]} 13. Nd4 {[%emt 0:06:30]} Nh5 {[%emt 0:45:30]} 14. Ne2 {[%emt 0:17:30]} Nxg3 {[%emt 0:00:00]} 15. Nxg3 {[%emt 0:00:30]} f5 {[%emt 0:00:00]} 16. Ne2 {[%emt 0:07:30]} c5 {[%emt 0:02:30]} 17. b5 {[%emt 0:01:30]} Ne5 {[%emt 0:00:30]} 18. Nf4 {[%emt 0:05:30]} Rd8 {[%emt 0:00:30]} 19. Rb3 {[%emt 0:02:30]} Qd6 {[%emt 0:01:53]} 20. Rg1 {[%emt 0:16:56]} O-O {[%emt 0:03:13]} 21. Ra3 {[%emt 0:04:05]} Ra8 {[%emt 0:02:46]} 22. Nb3 {[%emt 0:01:58]} Rfd8 {[%emt 0:00:00]} 23. Nc1 {[%emt 0:00:14]} Rd7 {[%emt 0:02:52]} 24. Be2 {[%emt 0:00:22]} Bh6 {[%emt 0:06:18]} 25. h4 {[%emt 0:01:31]} Qf6 {[%emt 0:01:17]} 26. g3 {[%emt 0:00:25]} Bxf4 {[%emt 0:01:16]} 27. exf4 Nf7 {[%emt 0:00:16]} 28. Qc3 {[%emt 0:01:09]} Qd6 {[%emt 0:02:21]} 29. Qc2 {[%emt 0:00:41]} Nd8 {[%emt 0:00:47]} 30. Re3 {[%emt 0:00:23]} Ne6 {[%emt 0:00:18]} 31. Nb3 {[%emt 0:00:12]} Nd4 {[%emt 0:00:49]} 32. Qd1 {[%emt 0:00:44]} Rad8 {[%emt 0:00:15]} 33. Rc3 {[%emt 0:00:48]} Nf3+ {[%emt 0:01:14]} 34. Bxf3 {[%emt 0:00:28]} Qxd1+ {[%emt 0:00:09]} 35. Bxd1 {[%emt 0:00:33]} Rxd1+ {[%emt 0:00:03]} 36. Ke2 {[%emt 0:00:21]} Rxg1 {[%emt 0:00:04]} 37. Nd2 {[%emt 0:00:24]} Ra1 {[%emt 0:00:46]} 38. a3 {[%emt 0:00:30]} Ra2 {[%emt 0:00:00]} 39. Kf1 {[%emt 0:00:23]} Rdxd2 {[%emt 0:00:00]} 40. Rc1 {[%emt 0:00:38]} Rxf2+ {[%emt 0:00:00]} 41. Kg1 {[%emt 0:00:25]} Rg2+ {[%emt 0:00:00]} 42. Kf1 {[%emt 0:00:07]} e3 {[%emt 0:00:00]} 43. Ke1 {[%emt 0:01:04]} 0-1

[Event "3rd Mersin Open 2018"]
[Site "Mersin"]
[Date "2018.09.10"]
[Round "2.13"]
[White "Sahin, Taha"]
[Black "Kurtoglu, Fikret Alp"]
[Result "0-1"]
[WhiteElo "1648"]
[BlackElo "1227"]
[Annotator "NA RC"]
[PlyCount "106"]
[EventDate "2018.09.09"]
[EventType "swiss"]
[EventCountry "TUR"]
[SourceTitle "playchess.com"]
[Source "ChessBase"]
[SourceQuality "1"]
[TimeControl "5400+30"]

1. e4 {[%emt 0:00:30]} c6 {[%emt 0:00:30]} 2. d4 {[%emt 0:00:00]} d5 {[%emt 0:00:00]} 3. exd5 {[%emt 0:00:00]} cxd5 {[%emt 0:00:00]} 4. Bd3 {[%emt 0:00:30]} Nc6 {[%emt 0:01:30]} 5. c3 {[%emt 0:00:00]} Nf6 {[%emt 0:01:30]} 6. Bf4 {[%emt 0:00:00]} e6 {[%emt 0:00:30]} 7. Nf3 {[%emt 0:01:30]} Bd6 {[%emt 0:03:30]} 8. Bxd6 {[%emt 0:01:30]} Qxd6 {[%emt 0:00:30]} 9. O-O {[%emt 0:00:00]} O-O {[%emt 0:01:30]} 10. Re1 {[%emt 0:02:00]} Re8 {[%emt 0:04:30]} 11. Ne5 {[%emt 0:01:30]} g6 {[%emt 0:05:30]} 12. Nd2 {[%emt 0:09:30]} Nd7 {[%emt 0:03:30]} 13. Ndf3 {[%emt 0:01:30]} Ndxe5 {[%emt 0:00:30]} 14. Nxe5 {[%emt 0:00:30]} f6 {[%emt 0:08:30]} 15. Ng4 {[%emt 0:04:30]} Kg7 {[%emt 0:00:30]} 16. Qd2 {[%emt 0:01:30]} g5 {[%emt 0:01:30]} 17. Qc2 {[%emt 0:09:30]} h5 {[%emt 0:06:30]} 18. Ne3 {[%emt 0:03:30]} Bd7 {[%emt 0:03:30]} 19. Qe2 {[%emt 0:06:30]} e5 {[%emt 0:06:30]} 20. dxe5 {[%emt 0:02:30]} Nxe5 {[%emt 0:01:30]} 21. Bf5 {[%emt 0:09:30]} Ng4 {[%emt 0:03:30]} 22. Bxg4 {[%emt 0:00:30]} Bxg4 {[%emt 0:00:30]} 23. Qb5 {[%emt 0:10:30]} Qc6 {[%emt 0:09:30]} 24. Qxd5 {[%emt 0:02:30]} Rxe3 {[%emt 0:01:30]} 25. Qxc6 {[%emt 0:06:30]} Rxe1+ {[%emt 0:00:30]} 26. Rxe1 {[%emt 0:00:30]} bxc6 {[%emt 0:00:30]} 27. Re7+ {[%emt 0:00:00]} Kg6 {[%emt 0:00:30]} 28. Rc7 {[%emt 0:00:00]} Rb8 {[%emt 0:00:30]} 29. b3 {[%emt 0:00:30]} a5 {[%emt 0:03:30]} 30. Rxc6 {[%emt 0:00:30]} a4 {[%emt 0:00:30]} 31. b4 {[%emt 0:02:30]} Rc8 {[%emt 0:00:30]} 32. Rxc8 {[%emt 0:00:30]} Bxc8 {[%emt 0:00:30]} 33. a3 {[%emt 0:00:00]} Kf5 {[%emt 0:00:30]} 34. Kf1 {[%emt 0:00:00]} Ba6+ {[%emt 0:00:00]} 35. Ke1 {[%emt 0:00:00]} Ke4 {[%emt 0:00:00]} 36. Kd2 {[%emt 0:00:00]} f5 {[%emt 0:00:30]} 37. h3 {[%emt 0:06:30]} Bf1 {[%emt 0:01:30]} 38. f3+ {[%emt 0:01:30]} Kd5 {[%emt 0:00:00]} 39. g4 {[%emt 0:00:30]} hxg4 {[%emt 0:01:00]} 40. hxg4 {[%emt 0:00:30]} fxg4 {[%emt 0:00:00]} 41. fxg4 {[%emt 0:00:30]} Kc4 {[%emt 0:00:00]} 42. Ke3 {[%emt 0:01:08]} Kxc3 {[%emt 0:00:30]} 43. Ke4 {[%emt 0:00:18]} Kb3 {[%emt 0:00:30]} 44. Kf5 {[%emt 0:00:05]} Kxa3 {[%emt 0:00:00]} 45. Kxg5 {[%emt 0:00:30]} Kxb4 {[%emt 0:00:00]} 46. Kh6 {[%emt 0:00:29]} a3 {[%emt 0:00:00]} 47. g5 {[%emt 0:00:30]} Bd3 {[%emt 0:00:00]} 48. Kg7 {[%emt 0:00:00]} a2 {[%emt 0:00:00]} 49. Kf8 {[%emt 0:01:00]} a1=Q {[%emt 0:00:00]} 50. Kg8 {[%emt 0:00:00]} Qa7 {[%emt 0:00:30]} 51. Kf8 {[%emt 0:00:00]} Qd7 {[%emt 0:00:00]} 52. g6 {[%emt 0:00:30]} Bxg6 {[%emt 0:00:00]} 53. Kg8 {[%emt 0:00:00]} Qf7+ {[%emt 0:00:30]} 0-1

[Event "3rd Mersin Open 2018"]
[Site "Mersin"]
[Date "2018.09.10"]
[Round "2.14"]
[White "Soku, Mustafa Attila"]
[Black "Zuberoglu, Ibrahim Berk"]
[Result "*"]
[WhiteElo "1431"]
[BlackElo "1633"]
[Annotator "NA RC"]
[PlyCount "84"]
[EventDate "2018.09.09"]
[EventType "swiss"]
[EventCountry "TUR"]
[SourceTitle "playchess.com"]
[Source "ChessBase"]
[SourceQuality "1"]
[TimeControl "5400+30"]

1. d4 {[%emt 0:02:30]} f5 {[%emt 0:00:30]} 2. c4 {[%emt 0:02:30]} Nf6 {[%emt 0:00:30]} 3. Bg5 {[%emt 0:00:00]} e6 {[%emt 0:01:30]} 4. Nc3 {[%emt 0:00:00]} Be7 {[%emt 0:02:30]} 5. g3 {[%emt 0:02:30]} O-O {[%emt 0:04:30]} 6. Bg2 {[%emt 0:01:30]} d6 {[%emt 0:00:30]} 7. Qd2 {[%emt 0:03:30]} Nbd7 {[%emt 0:04:30]} 8. Nf3 {[%emt 0:05:30]} h6 {[%emt 0:16:30]} 9. Bxh6 {[%emt 0:01:30]} gxh6 {[%emt 0:05:30]} 10. Qxh6 {[%emt 0:00:00]} Ng4 {[%emt 0:01:30]} 11. Qxe6+ {[%emt 0:00:00]} Kg7 {[%emt 0:01:30]} 12. Nd5 {[%emt 0:07:30]} Bg5 {[%emt 0:33:30]} 13. Nxg5 {[%emt 0:06:30]} Qxg5 {[%emt 0:00:30]} 14. h4 {[%emt 0:08:30]} Qd8 {[%emt 0:02:30]} 15. Qe7+ {[%emt 0:07:30]} Qxe7 {[%emt 0:00:30]} 16. Nxe7 {[%emt 0:00:00]} c6 {[%emt 0:00:00]} 17. Nxc8 {[%emt 0:01:00]} Raxc8 {[%emt 0:00:00]} 18. O-O {[%emt 0:03:30]} f4 {[%emt 0:02:46]} 19. Bf3 {[%emt 0:03:30]} Ndf6 {[%emt 0:01:41]} 20. gxf4 {[%emt 0:04:30]} Rh8 {[%emt 0:00:53]} 21. Bxg4 {[%emt 0:00:00]} Nxg4 {[%emt 0:00:10]} 22. Kg2 {[%emt 0:01:00]} Rxh4 {[%emt 0:07:42]} 23. Rh1 {[%emt 0:02:30]} Rh6 {[%emt 0:00:39]} 24. Rxh6 {[%emt 0:00:30]} Nxh6 {[%emt 0:00:03]} 25. Kf3 {[%emt 0:00:30]} Nf5 {[%emt 0:00:48]} 26. Rd1 {[%emt 0:02:30]} d5 {[%emt 0:00:34]} 27. c5 {[%emt 0:03:30]} b6 {[%emt 0:04:45]} 28. cxb6 {[%emt 0:01:30]} axb6 {[%emt 0:00:02]} 29. e3 {[%emt 0:00:00]} Nd6 {[%emt 0:02:10]} 30. Ke2 {[%emt 0:03:00]} Ra8 {[%emt 0:01:34]} 31. a3 {[%emt 0:01:30]} Ra4 {[%emt 0:01:57]} 32. Rc1 {[%emt 0:00:30]} Rc4 {[%emt 0:00:15]} 33. Rg1+ {[%emt 0:03:30]} Kf6 {[%emt 0:00:58]} 34. Kd3 {[%emt 0:00:30]} Ra4 {[%emt 0:01:04]} 35. Rg8 {[%emt 0:03:30]} c5 {[%emt 0:02:14]} 36. dxc5 {[%emt 0:00:30]} bxc5 {[%emt 0:00:03]} 37. Rb8 {[%emt 0:01:56]} Kf5 {[%emt 0:00:40]} 38. f3 {[%emt 0:06:21]} Ke6 {[%emt 0:00:30]} 39. Rb6 {[%emt 0:00:42]} Kd7 {[%emt 0:00:18]} 40. Rb8 {[%emt 0:01:14]} Nc8 {[%emt 0:00:37]} 41. Kc3 {[%emt 0:00:04]} Rc4+ {[%emt 0:00:33]} 42. Kd2 {[%emt 0:00:32]} Kc7 {[%emt 0:00:37]} *

[Event "3rd Mersin Open 2018"]
[Site "Mersin"]
[Date "2018.09.10"]
[Round "3.1"]
[White "Gasimov, Parviz"]
[Black "Tarlev, Konstantin"]
[Result "0-1"]
[WhiteElo "2341"]
[BlackElo "2564"]
[Annotator "TA"]
[PlyCount "78"]
[EventDate "2018.09.09"]
[EventType "swiss"]
[EventCountry "TUR"]
[SourceTitle "playchess.com"]
[Source "ChessBase"]
[SourceQuality "1"]

{[%evp 23,78,-11,22,5,6,0,8,0,0,0,0,0,0,-6,0,-21,-21,-58,-66,-62,-58,-54,-65,-108,-111,-107,-116,-97,-56,-85,-78,-119,-85,-85,-85,-82,-86,-220,-212,-220,-220,-242,-116,-116,-117,-152,-137,-151,-47,-1845,-1502,-1122,-599,-6200,-5365,-29984,-29985]} 1. e4 c5 2. Nf3 e6 3. c3 Nf6 4. e5 Nd5 5. d4 cxd4 6. cxd4 d6 7. a3 Bd7 8. Bd3 Bc6 9. O-O Nd7 10. b4 a6 11. Re1 dxe5 {B22: Sicilian: 2 c3} (11... Rc8 12. Ng5 g6 13. Qf3 Qe7 14. exd6 Qf6 15. Qg4 Bh6 16. Bd2 O-O 17. Qh4 Qg7 18. Nf3 Bxd2 19. Nbxd2 {1-0 (43) Wolff,P (2564)-Stripunsky,A (2563) ICC INT 2011}) 12. dxe5 g6 {LiveBook: 4 Games} 13. Nbd2 Bg7 {The position is equal.} 14. Nc4 $146 {Hoping for Nd6+.} ({Predecessor:} 14. Bb2 O-O 15. Nc4 Bb5 16. Rc1 Qe7 17. Na5 Bxd3 18. Qxd3 Rfc8 19. h4 {½-½ (50) Russek Libni,G (2400)-Leyva,H (2409) Valencia 2000}) 14... O-O 15. Na5 Bb5 16. Bxb5 axb5 17. Bb2 Qb6 18. Rc1 Rfc8 19. Qd2 Qa6 20. h4 N7b6 21. Ng5 Bh6 22. Rxc8+ Rxc8 23. Rc1 Nc4 24. Qe2 b6 25. Nb3 Nxb2 26. Qxb2 {[#]} Rc4 $1 {[%cal Rc4h4]} 27. Nd4 Bxg5 (27... Nf4 {feels hotter.} 28. Rxc4 bxc4 29. Ne4 Bg7 30. b5 Qa4) 28. hxg5 Nf4 $36 {[%mdl 2048] Black is in control.} 29. Rxc4 bxc4 30. Ne2 (30. Qc1 $17 {might work better.} Nd3 31. Qc3) 30... Nxe2+ $19 31. Qxe2 {[%mdl 4096] Endgame KQ-KQ} Qc8 ({But not} 31... Qxa3 32. Qxc4 Qa1+ 33. Kh2 $17) 32. f4 {[#]} c3 (32... b5 $1 $19 {And now ...c3 would win.} 33. Kf2 Qd7) 33. Qc2 $17 Qc4 {...Qd4+ is the strong threat.} 34. g3 Qd4+ 35. Kf1 {intending Ke2.} h6 (35... Qe3 $17 36. a4 Qxg3) 36. Qe2 $2 {[%mdl 8192]} (36. Ke2 $15) 36... hxg5 $19 37. fxg5 Kg7 38. b5 Qd5 39. Kf2 Qc5+ {Precision: White = 33%, Black = 56%.} 0-1

[Event "3rd Mersin Open 2018"]
[Site "Mersin"]
[Date "2018.09.10"]
[Round "3.2"]
[White "Zor, Alber Kadir"]
[Black "Odeev, Handszar"]
[Result "1/2-1/2"]
[WhiteElo "2134"]
[BlackElo "2410"]
[Annotator "TA"]
[PlyCount "58"]
[EventDate "2018.09.09"]
[EventType "swiss"]
[EventCountry "TUR"]
[SourceTitle "playchess.com"]
[Source "ChessBase"]
[SourceQuality "1"]

{[%evp 21,58,4,29,0,0,0,-3,-21,-29,-58,-37,-72,-79,-69,-65,-88,-55,-99,-37,-32,-30,-16,4,2,86,77,49,0,0,-9,-13,-14,0,-35,0,0,62,-33,283]} 1. Nf3 Nf6 2. c4 c5 3. b3 g6 4. Bb2 Bg7 5. g3 d6 6. Bg2 Nc6 7. Nc3 O-O 8. d4 cxd4 9. Nxd4 Bd7 10. O-O a6 11. e3 Rb8 {LiveBook: 21 Partien. E60: Königsindisch (ohne Sc3)} 12. Qe2 (12. a3 Rc8 13. Nde2 Na5 14. Rb1 b5 15. cxb5 axb5 16. Nf4 Re8 17. Ba1 Qb6 18. Ncd5 Nxd5 19. Nxd5 {½-½ (60) Pantsulaia,L (2612)-Amonatov,F (2636) Riadh 2017}) 12... Nxd4 13. exd4 b5 {Die Stellung ist ausgeglichen.} 14. cxb5 axb5 15. b4 $146 ({Vorgänger:} 15. Rfe1 e6 16. d5 e5 17. b4 Qb6 18. Bf1 Rfc8 19. Qe3 {0-1 (44) Nerat,I (2042)-Supancic,D (2342) Slovenia 2013}) 15... e6 {[%cal Be7e6,Be6e5][%mdl 32]} 16. d5 e5 17. Rfb1 Qb6 18. Bc1 Rfc8 19. Bd2 {[#]} Ra8 (19... e4 $1 $17 {[%mdl 512]} 20. Be3 (20. Nxe4 Nxe4) 20... Qd8) 20. a4 $15 bxa4 21. b5 $1 a3 22. Rb3 {[#]} a2 $1 {[%mdl 512]} 23. Be3 $16 (23. Rxa2 Rxa2) 23... Qb7 24. Rxa2 Ng4 $1 25. h3 {Und Txa8 würde nun gewinnen.} Nxe3 26. Qxe3 f5 27. b6 e4 28. Bf1 Bf6 ({Besser ist} 28... Rcb8 $11) 29. h4 (29. Rxa8 $14 Rxa8 30. Bc4) 29... Kg7 $2 {[%mdl 40960] Precision: Weiß = 25%, Schwarz = 41%. . An unexpected result.} (29... Rxa2 $15 {behält die Oberhand.} 30. Nxa2 Bd8) 1/2-1/2